Mario kart 8 deluxe tracks - sudden death - Statistics

General Stats
  • This quiz has been taken 78 times
  • The average score is 8 of 25
Answers on the Grid
Answers color-coded by a green-red scale on the quiz's grid according to % correct below.
Delfino square
London loop
Mario kart stadium
Mario circuit 3
Bowsers castle
Donut plains 2
Woody woods
Vancouver velocity
Sydney shuffle
Baby park
DK mountain
Music park
Nabbits hideout
Thwomp ruins
Luigi circuit
Maple treeway
Wild woods
Shy guy beach
Cheese land
Coconut mall
Peach stadium
Moo moo meadows
Great ? block ruins
Wario shipyard
Toad harbor
Dk pass
New donk city
Grumble volcano
Russia race
Boo cinema
Royal raceway
Water park
Toads factory
Dry bones burnout
Big blue
Goblin valley
Twisted mansion
Waluigi pinball
Tick tock clock
Bob omb battlefield
Athens dash
Wario colosseum
Sweet sweet canyon
Rainbow road
 
Answer Stats
Answer % Correct
London loop
73%
Mario kart stadium
73%
Bowsers castle
59%
Baby park
54%
Mario circuit 3
46%
Vancouver velocity
41%
DK mountain
35%
Maple treeway
35%
Thwomp ruins
32%
Cheese land
30%
Music park
30%
Coconut mall
27%
Rainbow road
27%
Wild woods
27%
Grumble volcano
24%
Royal raceway
22%
Big blue
19%
Moo moo meadows
19%
Sweet sweet canyon
16%
Tick tock clock
16%
Toad harbor
16%
Waluigi pinball
16%
Water park
16%
Twisted mansion
14%
Athens dash
11%
No matching quizzes found
Score Distribution
Percent of People with Each Score
Percentile by Number Answered
Your Score History
You have not taken this quiz